[Event "FIDE World Cup"]
[Site "Tbilisi"]
[Date "2017.09.04"]
[Round "1.2"]
[White "Motylev, Alexander"]
[Black "Xiong, Jeffery"]
[Result "1-0"]
[WhiteElo "2675"]
[BlackElo "2633"]
[Annotator "Quintiliano,R"]
[PlyCount "109"]
[EventDate "2017.09.03"]
[EventType "k.o."]
[EventRounds "7"]
[EventCountry "GEO"]
[SourceTitle "CBM 181"]
[Source "ChessBase"]
[SourceDate "2017.11.10"]
[SourceVersion "1"]
[SourceVersionDate "2017.11.10"]
[SourceQuality "1"]

1. e4 e5 2. Nf3 Nc6 3. Bb5 Nf6 {After a draw in the first game, Xiong looks
for the Berlin's solidity instead of his sharp Sicilian Najdorf.} 4. O-O Nxe4
5. Re1 {Motylev has tried many things against the Berlin, most often heading
for the endgame. But recently he has employed this line which has the
reputation of being free of risk for White, with prospects of getting a tiny
advantage.} Nd6 6. Nxe5 Be7 7. Bf1 Nxe5 8. Rxe5 O-O 9. Nc3 ({Later, he played} 
9. d4 Bf6 10. Re2 $5 b6 11. Re1 Bb7 12. Bf4 Ne4 13. Nd2 Nxd2 14. Qxd2 d6 15. a4
a6 16. c3 Qd7 17. a5 b5 18. Bg5 $11 {Motylev,A (2675)-Giri,A (2772) FIDE World
Cup 2017 (2.1) 1/2}) 9... Ne8 (9... Bf6 {is also solid} 10. Re1 Re8 11. Nd5
Rxe1 12. Qxe1 b6 {White is going to be left with the bishop pair, although it
is difficult to claim an advantage because of this. it is, however, a reason
to keep playing}) 10. Nd5 Bd6 11. Re1 c6 12. Ne3 Be7 {This move is showing
good results for Black.} (12... Bc7 {is most played} 13. Nf5 d5 14. Ne7+ Kh8
15. Nxc8 Rxc8 16. d3 f5 $11) 13. c4 {The best attempt, since Black should play
d5 to continue the development, White aims to create an isolani.} ({White can
also pursue the bishop pair} 13. Nf5 Bf6 14. Qe2 d5 15. Ne7+ Kh8 16. Nxc8 Rxc8
{Yu,Y (2721)-Nakamura,H (2816) Las Vegas Millionaire op KO rapid 2015 (1.1) 1/
2 but Black is always fine, and the queen is not well placed on e2 -}) 13...
Nc7 {[%cal Yd7d5]} 14. d4 (14. Nf5 $146 Bf6 15. Nd6 {leads White to nowhere}
Bd4 $1 {[%csl Gd4]} (15... Ne8 16. Nxc8 Rxc8 17. d4 d5 $11) 16. Nf5 (16. Qg4
Ne6 17. Rxe6 $2 {Actually, White is the one who is losing material} Bxf2+ $1
18. Kxf2 fxe6+ 19. Ke1 Rxf1+ $1 20. Kxf1 Qf8+ 21. Kg1 Qxd6 $15) 16... Bf6 17.
Nd6 Bd4 $11) 14... d5 15. cxd5 Bb4 {Black plays this to leave the isolani in
White's camp, but in return Motylev can quickly develop his pieces along the
e-file.} (15... Nxd5 16. Nxd5 cxd5 {This position has been played 3 times.
Although White went to win the first of these encounters, the two subsequent
games showed Black is ok} 17. Bf4 Be6 (17... Bf6 18. Be5 Bxe5 19. Rxe5 {
[%csl Gc8,Gd5] The reason why White would expect an easier game is that the
d5-pawn is fixed on a light square, which makes the Bc8 a slightly bad one.
But in modern times, good preparation compensates for this.} Re8 20. Rxe8+ Qxe8
21. Qb3 (21. Rc1 $5) 21... Qc6 22. Bb5 Qb6 $1 23. Qxd5 a6 $1 24. Bd3 Be6 25.
Qe4 g6 26. d5 Bf5 27. Qe2 Bxd3 28. Qxd3 Qxb2 29. Re1 Rd8 30. d6 Rd7 $1 {
Carlsen,M (2850)-Caruana,F (2787) London Classic 7th 2015 (2) 1/2 and Black
was able to hold the passed pawn -}) 18. Qb3 Bf6 19. Be5 Bxe5 20. Rxe5 Qb6 $1 {
Even with White trying to press in the endgame, Black is doing fine} (20... Qd7
$2 {left Black in an unpleasant position} 21. Rae1 g6 22. h4 $14 {[%cal Yh4h5];
Areshchenko,A (2656)-Bacrot,E (2695) Porticcio op 2nd 2015 (9) 1-0}) 21. Qxb6
axb6 22. Re3 Rfc8 23. Rb3 Rc6 24. Bb5 Rc7 {Anand,V (2770)-Aronian,L (2792)
Leuven GCT rapid 2016 (2) 1/2 despite a slight advantage for White, it is not
enough to make serious improvements -}) 16. Bd2 Bxd2 17. Qxd2 Nxd5 18. Nxd5
Qxd5 19. Re5 Qd6 20. Bc4 {White is looking for some slight pressure, but the
position has simplified and Black should be able to neutralise this with
correct play.} Bd7 21. Rae1 Rae8 {Objectively Black still is fine, but now
White can look for an advantage.} (21... b5 $1 {has been played in 10 games,
and Black has always managed to draw} 22. Bb3 a5 23. a4 (23. a3 a4 24. Ba2 Rae8
$11 {Georgiadis,N (2496)-Bacrot,E (2715) Biel GM 50th 2017 (3) 1/2 Compared to
the game, the fixed queenside is better for Black} 25. Qe3 Rxe5 26. dxe5 Qe7
$11) 23... bxa4 24. Bxa4 Be6 $1 {[%cal Ge6d5]} 25. Rxa5 Rxa5 26. Qxa5 Qxd4 27.
Bxc6 Qxb2 28. Bd5 Bxd5 29. Qxd5 $11 {Svidler,P (2757)-Topalov,V (2780) FIDE
Candidates 2016 (2) 1/2}) 22. Qe3 $1 $146 {Motylev shows good knowledge of the
position, as this is the only way for White try to extract some advantage.} (
22. Qc3 Rxe5 23. dxe5 Qe7 {was harmless for Black, for example} 24. Qa5 (24.
Rd1 Be6 25. Bxe6 Qxe6 26. Qa5 b5 $1 27. Qxa7 Qxe5 $11 {So,W (2771)-Caruana,F 
(2807) Sinquefield Cup 4th 2016 (8) 1/2}) 24... a6 25. Qb6 {Vachier Lagrave,M 
(2788)-Caruana,F (2795) chess.com qf blitz 1m+1spm 2016 (20) 1/2} Bc8 $11)
22... Rxe5 (22... h6 $5) 23. dxe5 Qb4 24. b3 (24. Bb3 {was played in the same
tournament} Be6 25. Rd1 Bxb3 26. axb3 Qe7 27. f4 Rd8 28. Rxd8+ Qxd8 $11 {
Najer,E (2707)-Caruana,F (2807) FIDE World Cup 2017 (3.3) 1/2}) (24. e6 $1 {
was the right continuation} Bxe6 25. Bxe6 fxe6 26. Qxe6+ Kh8 27. Qe7 $1 Qf4 28.
f3 $14 {and White keeps an easier game}) 24... Qb6 $6 {Xiong didn't find the
right way to deal with the pressure, and accepts having to play an inferior
endgame.} (24... Be6 $142 $1 25. Bxe6 fxe6 26. Rd1 Qa5 27. a4 Rd8 $11) 25. Qxb6
axb6 26. Rd1 Bf5 27. a4 $1 Re8 28. f4 $14 {White controls the open file and
the kingside majority gives good chances to play for a win.} Kf8 29. Kf2 Ke7
30. h3 h5 $2 {Now Black's position is in real danger.} (30... Ra8 $1 {was
correct now, one move earlier} 31. Kf3 Ra5 $1 {A clever way to improve the rook
} 32. g4 Be6 33. Bxe6 Kxe6 34. Ke4 b5 $132) 31. Kg3 $1 {[%cal Gg3h4] The
invasion by White's king on the dark squares makes Black's task much harder.}
Ra8 $2 {This manoeuvre doesn't solves Black's problems anymore.} (31... f6 32.
Kh4 fxe5 (32... Rh8 33. e6 $1 {[%cal Gd1d7]}) 33. fxe5 Rh8 (33... Be4 34. Rd2
g6 35. Kg5 $16) 34. Kg5 Bd7 35. Rd4 $16 {[%cal Yd4f4,Yd4h4]}) 32. Kh4 Ra5 (
32... g6 33. Rd6 {[%cal Yd6f6]} Be6 34. Bxe6 fxe6 35. Kg5 Rf8 36. g4 $1 hxg4
37. hxg4 Rg8 38. Rd4 $18 {[%cal Rd4b4]}) 33. Kxh5 $18 {White is winning and
Motylev realises his advantage without great problems.} Rc5 34. g4 Be6 35. Bxe6
Kxe6 36. Rd6+ Ke7 37. Rd3 $1 {[%cal Yd3b3,Yd3h3] This is the perfect square
for the rook.} b5 (37... Ke6 38. Kg5 f6+ $2 39. Kg6 {[%csl Rg7]}) 38. axb5 Rxb5
39. Kg5 Ke6 40. Rd6+ Ke7 41. Rd3 c5 {There's no good defence for Black.} (41...
Ke6 42. h4 Rd5 43. Re3 Ke7 44. f5 b5 45. h5 c5 46. f6+ $1 gxf6+ 47. Kf5 c4 48.
bxc4 bxc4 49. h6 c3 (49... Rxe5+ 50. Rxe5+ fxe5 51. h7) 50. Rxc3 Rxe5+ 51. Kf4
Ra5 52. h7 Ra8 53. Rh3 Rh8 54. Kf5 $22 $18) 42. f5 Ke8 (42... c4 43. bxc4 Rxe5
44. Rb3 {[%csl Rb7]}) 43. Re3 Rb6 44. f6 $1 {Forcing the creation of a distant
passed pawn, with decisive effect.} Re6 45. fxg7 Rg6+ 46. Kf5 Rxg7 47. h4 Rg6
48. h5 Rc6 49. e6 Ke7 50. exf7+ Kxf7 51. g5 b5 52. g6+ Kg7 53. Kg5 Rc8 54. h6+
Kh8 55. h7 1-0

[Event "FIDE World Cup"]
[Site "Tbilisi"]
[Date "2017.09.04"]
[Round "1.2"]
[White "Navara, David"]
[Black "Hjartarson, Johann"]
[Result "1-0"]
[WhiteElo "2737"]
[BlackElo "2556"]
[PlyCount "71"]
[EventDate "2017.09.03"]
[EventType "k.o."]
[EventRounds "7"]
[EventCountry "GEO"]
[SourceTitle "CBM 181"]
[Source "ChessBase"]
[SourceDate "2017.11.10"]
[SourceVersion "1"]
[SourceVersionDate "2017.11.10"]
[SourceQuality "1"]

1. e4 c5 2. Nf3 e6 3. d4 cxd4 4. Nxd4 Nc6 5. Nc3 Qc7 6. Be2 Nf6 7. O-O Be7 8.
Be3 O-O 9. f4 d6 10. Kh1 Nxd4 11. Qxd4 b6 12. Bf3 Bb7 13. Nb5 Qb8 14. c4 Rd8
15. Rad1 a6 16. Nc3 Nd7 17. f5 Nc5 18. fxe6 fxe6 19. b4 Bf6 20. Qd2 Bxc3 21.
Qxc3 Nxe4 22. Qd4 Nf6 23. Bg5 Rf8 24. Bxb7 Qxb7 25. Bxf6 Rxf6 26. Rxf6 gxf6 27.
Qg4+ Kh8 28. Qxe6 Rg8 29. Qxf6+ Rg7 30. Qf8+ Rg8 31. Qf2 Qe4 32. h3 Qxc4 33.
Qf6+ Rg7 34. Rxd6 Qc1+ 35. Kh2 Qc7 36. Qd8+ 1-0

[Event "FIDE World Cup"]
[Site "Tbilisi"]
[Date "2017.09.04"]
[Round "1.2"]
[White "Nisipeanu, Liviu Dieter"]
[Black "Sevian, Samuel"]
[Result "1/2-1/2"]
[WhiteElo "2687"]
[BlackElo "2620"]
[PlyCount "137"]
[EventDate "2017.09.03"]
[EventType "k.o."]
[EventRounds "7"]
[EventCountry "GEO"]
[SourceTitle "CBM 181"]
[Source "ChessBase"]
[SourceDate "2017.11.10"]
[SourceVersion "1"]
[SourceVersionDate "2017.11.10"]
[SourceQuality "1"]

1. e4 e5 2. Nf3 Nc6 3. Bb5 a6 4. Ba4 Nf6 5. d3 d6 6. c3 g6 7. O-O Bg7 8. h3 O-O
9. Be3 h6 10. Nbd2 Re8 11. Re1 d5 12. Bxc6 bxc6 13. Qa4 Bd7 14. Qc2 Nh5 15. d4
f5 16. exf5 e4 17. Ne5 Bxe5 18. dxe5 gxf5 19. Kh2 f4 20. Bd4 Qg5 21. c4 Bf5 22.
cxd5 e3 23. Qxc6 exd2 24. Rg1 Rad8 25. Rad1 Be4 26. Rxd2 Bxd5 27. Qxc7 Ng3 28.
f3 Bxa2 29. Bc3 Be6 30. Qc6 Qg6 31. Rxd8 Rxd8 32. Qxa6 Nf5 33. Be1 h5 34. Qa5
Rd5 35. Qa4 Rd4 36. Qc2 Qg5 37. Bf2 Ne3 38. Qc6 Kf7 39. Qb7+ Qe7 40. Qb6 Rb4
41. Qc6 Rxb2 42. Bxe3 Qh4 43. Kh1 fxe3 44. Qc7+ Qe7 45. Qc3 Rb3 46. Qc2 Kg7 47.
Ra1 Qf7 48. Re1 Qg6 49. Qc5 Rb2 50. Rg1 e2 51. Qc7+ Bf7 52. Qc3 Rc2 53. Qe3 Ra2
54. Qf2 Kh7 55. Re1 Qd3 56. Kh2 Bg6 57. Qc5 Qf5 58. Qe3 Qd3 59. Qc5 Qd2 60.
Qe7+ Kh6 61. Qf8+ Kh7 62. Qe7+ Kg8 63. Qf6 Be8 64. Rxe2 Qxe2 65. Qg5+ Kf8 66.
Qh6+ Kf7 67. Qf6+ Kg8 68. Qg5+ Kf8 69. Qh6+ 1/2-1/2

[Event "FIDE World Cup"]
[Site "Tbilisi"]
[Date "2017.09.04"]
[Round "1.2"]
[White "Rodshtein, Maxim"]
[Black "Hovhannisyan, Robert"]
[Result "1/2-1/2"]
[WhiteElo "2695"]
[BlackElo "2606"]
[PlyCount "119"]
[EventDate "2017.09.03"]
[EventType "k.o."]
[EventRounds "7"]
[EventCountry "GEO"]
[SourceTitle "CBM 181"]
[Source "ChessBase"]
[SourceDate "2017.11.10"]
[SourceVersion "1"]
[SourceVersionDate "2017.11.10"]
[SourceQuality "1"]

1. d4 d5 2. c4 e6 3. Nf3 Nf6 4. g3 dxc4 5. Bg2 Bd7 6. Ne5 Bc6 7. Nxc6 Nxc6 8.
O-O Qd7 9. e3 Rd8 10. Qc2 e5 11. dxe5 Nxe5 12. b3 Be7 13. Nd2 Qd3 14. Qxd3 Nxd3
15. Nxc4 b6 16. Bc6+ Kf8 17. Bd2 Bb4 18. Bxb4+ Nxb4 19. Ne5 g6 20. a3 Nxc6 21.
Nxc6 Rd3 22. b4 Kg7 23. Rfd1 Rxd1+ 24. Rxd1 a6 25. f3 Re8 26. e4 Re6 27. Nb8 a5
28. b5 Ne8 29. Rd8 Nd6 30. a4 Nb7 31. Rc8 Nc5 32. Na6 Nxa4 33. Nxc7 Re5 34. Nd5
f5 35. Rc7+ Kf8 36. Rc4 fxe4 37. fxe4 Nb2 38. Rc8+ Kf7 39. Rc7+ Ke6 40. Rc6+
Kf7 41. Rf6+ Kg7 42. Rxb6 Rxe4 43. Rb7+ Kh6 44. b6 Re1+ 45. Kg2 Nd3 46. Ra7 Rb1
47. Rxa5 Rb2+ 48. Kf1 Ne5 49. Ne3 Nc6 50. Ng4+ Kg7 51. Ra6 h5 52. Ne3 Kh6 53.
Nd5 Rb1+ 54. Ke2 Rb5 55. Nf6 Nb4 56. Ra7 Rxb6 57. Ng8+ Kg5 58. Kf3 Nc6 59. h4+
Kf5 60. Ne7+ 1/2-1/2

[Event "FIDE World Cup"]
[Site "Tbilisi"]
[Date "2017.09.04"]
[Round "1.2"]
[White "Salgado Lopez, Ivan"]
[Black "Jobava, Baadur"]
[Result "1/2-1/2"]
[WhiteElo "2627"]
[BlackElo "2687"]
[PlyCount "48"]
[EventDate "2017.09.03"]
[EventType "k.o."]
[EventRounds "7"]
[EventCountry "GEO"]
[SourceTitle "CBM 181"]
[Source "ChessBase"]
[SourceDate "2017.11.10"]
[SourceVersion "1"]
[SourceVersionDate "2017.11.10"]
[SourceQuality "1"]

1. e4 e5 2. Nf3 Nc6 3. Nc3 Nf6 4. d4 exd4 5. Nxd4 Bb4 6. Nxc6 bxc6 7. Bd3 O-O
8. O-O Re8 9. Bg5 h6 10. Bh4 g5 11. Bg3 Bxc3 12. bxc3 Nxe4 13. Qh5 d6 14. f4
Bf5 15. Bxe4 Bxe4 16. fxg5 Qxg5 17. Qxf7+ Kh8 18. Qxc7 Bxg2 19. Kxg2 Qd5+ 20.
Kg1 Re2 21. Rf2 Rxf2 22. Bxf2 Rg8+ 23. Bg3 Qc5+ 24. Kg2 Qd5+ 1/2-1/2

[Event "FIDE World Cup"]
[Site "Tbilisi"]
[Date "2017.09.04"]
[Round "1.2"]
[White "Sethuraman, SP."]
[Black "Ponomariov, Ruslan"]
[Result "1-0"]
[WhiteElo "2618"]
[BlackElo "2692"]
[Annotator "Sethuraman,SP"]
[PlyCount "115"]
[EventDate "2017.09.03"]
[EventType "k.o."]
[EventRounds "7"]
[EventCountry "GEO"]
[SourceTitle "CBM 181"]
[Source "ChessBase"]
[SourceDate "2017.11.10"]
[SourceVersion "1"]
[SourceVersionDate "2017.11.10"]
[SourceQuality "1"]

{A big Hi to all the ChessBase Magazine readers! All of my three matches in
the World Cup were very memorable for me, the first one was very special
knocking out the former World Champion Ruslan who himself was named as the
knockout specalist in the previous World Cups.  The first game in the match
ended in a short draw in the fashionable Italian which I had to face x number
of times later in the second and third matches against GM Harikrishna and GM
Anish Giri. For me a draw with the black pieces was a good result to start the
event.  In the second game I had the white pieces, some people would call it a
small advantage in the mini-match but for me colours were not a big deal but I
wouldn't deny the prospect of having the white pieces was quite comfortable.
But with any colour you need to play good chess in order to win the match.} 1.
e4 e5 2. Nf3 Nc6 3. Bb5 a6 4. Ba4 Nf6 5. O-O Be7 6. Re1 b5 7. Bb3 O-O 8. c3 {
Inviting my opponent to the enchanting Marshall but my opponent had other plans
} d6 9. h3 a5 {A very rare line and a total suprise to me as I was expecting
something like the Chigorin or the Breyer from my opponent.} 10. d4 a4 11. Bc2
Bd7 {My opponent was very happy with the outcome of the opening as he deviated
from all the mainlines and took me by suprise and moreover didn't spend a
single minute, where as I had spent something like 20 minutes to reach this
position. Nevertheless I always had the feeling that what he was doing was
completely against chess principles like pushing the a-pawn without developing
his pieces and not fighting for the centre. But, you know, it's modern chess.
Of course it might not be objectively a good choice but anything is possible
in modern chess.} 12. Na3 $1 {During the game I liked this move a lot rather
than the normal development with knight to d2, putting pressure on the b5-pawn
and exploiting the premature advance of a6-a5-a4. But later after the game I
was suprised to discover the fact that this position had already been seen in
many tournament games and could immediately spot the elite game between
Ivanchuk-Carlsen in 2009.} Rb8 13. d5 Na7 14. Be3 (14. c4 Ra8 15. Be3 b4 16.
Nb1 c5 17. a3 b3 18. Bd3 Nxe4 19. Bxe4 f5 20. Nfd2 fxe4 21. Qh5 Be8 22. Qe2 Bd7
23. Qh5 Be8 24. Qe2 Bd7 {1/2-1/2 (24) Ivanchuk,V (2779)-Carlsen,M (2776) Wijk
aan Zee 2009}) 14... c5 (14... Nc8 15. c4 bxc4 16. Nxc4 $14 {and the pawn on
a4 is too weak.}) 15. Nxe5 $1 {This normal typical sacrifice comes in many
variations in the Ruy Lopez when the bishop on e7 has no square to move to.}
dxe5 16. d6 Rc8 (16... Nc8 17. Bxc5 Bxd6 18. Bxd6 Nxd6 19. Qxd6 Re8 20. Rad1
$16) 17. f4 $1 {Maintaining the dynamic tension. I was very proud of this move
and it turned out to be a very strong one, and later also confirmed by the
computer. The point is just to open up the way for my bishops after breaking
the e5-pawn which was totally bolstering the solid position of Black or else
to extend White's attack with f5-g4-g5.} Ne8 $6 (17... Be6 18. dxe7 Qxe7 19. f5
(19. Qf3 $5) 19... Bd7 20. Qf3 {White has just expanded his position and has a
dream position to start his attack with g4-g5.}) 18. dxe7 Qxe7 19. fxe5 Bc6 20.
Qh5 Nc7 21. Nb1 $1 {Following one of the principles the legendary Dvoretsky
often mentions in his great books, the principle of the worst piece. Here the
knight on a3 is not joining the attack, so think where it would be ideally
placed and then comes the anwser. Once again executing such moves gives one
the immense satisfaction of having a good understanding of chess principles.}
Be8 22. Nd2 Nc6 23. Nf3 Ne6 24. Rad1 {All the white pieces are ideally
developed, looking for a breakthrough in the direction of the black king!} Rd8
$6 (24... Ncd4 25. cxd4 (25. Nxd4 cxd4 26. Bxd4 Nxd4 27. Rxd4 Rc5 28. Rd5)
25... cxd4 26. Bxa4 $1 (26. Nxd4 Nxd4 27. Bb1 Ne6 28. Rd5 $16) 26... bxa4 (
26... dxe3 27. Bb3 $16) 27. Nxd4 Nxd4 28. Bxd4 $16) 25. Rd5 a3 {Trying to
create chaos in the position. Black is simply positionally lost and he has to
do something.} 26. bxa3 {Simply grabbing the pawn since it can be the
potential for creating counterplay in the future!} Ra8 27. Bc1 Na5 {Here there
are many ways for White to increase the advantage.} 28. Ng5 (28. Nh4 Nc4 29.
Nf5 Qc7 30. a4 $18 {is one more way.}) (28. a4 $18) 28... h6 29. Nf3 {I liked
this manoeuvre, just creating a weakness for Black on h6. White has simply all
the time in the world as the black pieces are completely disorganised.} Nc4 30.
Qg4 (30. a4 $1 {is stronger.}) 30... Nxa3 (30... Kh8 31. Nh4 {was my intention:
} Qc7 32. Rf1 $1 Nxa3 33. Bxh6 Nxc2 34. Rf6 $1 $18 (34. Bxg7+ Nxg7 35. Qg5 Ra6
(35... Bd7 36. Rf3 $18) 36. Rf6 $18)) 31. Bd1 Nb1 32. Nh4 {A total massacre.
What a lovely position, all the pieces aiming towards the black king.} h5 33.
Qg3 (33. Qxh5 g6 34. Qg4 $18) 33... Nxc3 34. Nf5 Nxd5 35. exd5 $1 {A simply
wonderful sight - dominating the whole board.} Qd7 36. Bh6 Kh7 37. Bxg7 Rg8 38.
Bc2 Rxa2 {Here I was simply nervous about trying to find the most simple
possible win while having 2 mins on the clock.} 39. Nh6+ {After having
calcuating some variations under time pressure, the fact of not finding a win
immediately disturbed me a lot since I was overlooking many easy wins. I
slowly drifted, making my task unnecessarily complicated and slowly drifting
away.} (39. Qe3 Rxg7 40. Qh6+ Kg8 41. Nxg7 Rxc2 (41... Nxg7 42. Qh7+ Kf8 43. d6
$1 $18) 42. Nxh5 $18 {I simply overlooked I could take on h5.}) (39. Be4 {
was the first candidate move I calculated} Nxg7 (39... Ra4 40. Nd4+ $18) 40.
Ne7+ (40. Qg5 Rxg2+ $1 {was the counter-move I was afraid of but I simply
missed the fact I could play first Ne7+ and then carry out the same idea})
40... Kh8 41. Qg5 Ra6 42. e6 $1 Rxe6 43. dxe6 Qxe6 (43... Qd4+ 44. Kh1 $18) 44.
Nxg8 Kxg8 45. Bh7+ $18) 39... Rxc2 40. Nxg8 {The time pressure phase is over
and here too I had the feeling that what I was doing was also easily winning.}
Kxg8 41. Bf6+ Kh7 (41... Kf8 42. d6 $18) 42. Qd3+ Kh6 43. Qe3+ Kh7 44. Qe4+ Kh6
45. Qxc2 {I thought grabbing the material was the easiest way but in fact I
had a crushing move, immediately forcing my opponent to resign.} (45. Rf1 $1 {
and a hopeless position for Black:} Rc4 46. Qe3+ Kh7 47. Rf5 $18) 45... Qxd5
46. Rd1 (46. Rf1 $142 $18) 46... Qc4 47. Qd2+ Kg6 48. Qf2 Qf4 49. Qc2+ Kh6 {
Luckily for me even this position is good but still more energy and time was
required to bring home the point, which was really unecessary considering the
position I had few minutes ago. But sometimes life is like that - you ought to
be never disappointed at missing easy wins. Try not to think about the past
and to focus on the present moment since the position is still good enough and
just try to convert to bring the full point home!} 50. Rd6 $6 (50. Rf1 {
the rook needs to be on f1 targeting the black king} Qe3+ 51. Kh2 $18 {[%cal
Gf6h4]}) 50... b4 $2 (50... Qe3+ $142 {Black has good chances of making a draw
here as he can exchange queens which is like a dream for him now!} 51. Kh1 Qe1+
52. Kh2 h4 53. Qf5 Qg3+ 54. Kg1 Qe1+) 51. h4 $1 Qg4 52. Rb6 $1 Qg3 53. Rb8 {
Finally!} Nd4 54. Qe4 Qg8 55. Qf4+ Kh7 56. Qe4+ Kh6 57. Bg5+ Kg7 58. Qa8 {
A good finish but first of all I was very relieved because at some point I was
just blowing all my winning tries after having played a beautiful middlegame.
I was also very happy to cruise into the second round!} 1-0